SNL - American Idol impressions (Picture Click) Quiz Stats

 Plays Quiz not verified by Sporcle

Score 0/24 Timer 05:00
0 Plays Today
% Correct
Nicki Minaj

(Sasheer Zamata)
95.1%
Simon Cowell

(Chris Parnell)
93.4%
Randy Jackson

(Kenan Thompson)
92.9%
Jennifer Hudson

(Kenan Thompson)
92.6%
Ellen DeGeneres

(Kate McKinnon)
90.4%
Steven Tyler

(Jimmy Fallon)
88.7%
Keith Urban

(Kate McKinnon)
88%
Ryan Seacrest

(Jimmy Fallon)
88%
William Hung

(Jimmy Fallon)
85.1%
Scotty McCreery

(Taran Killam)
84.4%
Paula Abdul

(Amy Poehler)
83.2%
Mariah Carey

(Cheri Oteri)
81.8%
% Correct
Taylor Hicks

(Jason Sudeikis)
79.8%
Adam Lambert

(Jason Sudeikis)
79.5%
Ruben Studdard

(Tracy Morgan)
78.4%
Harry Connick Jr.

(Jimmy Fallon)
78.1%
Jennifer Lopez

(Cheri Oteri)
76.9%
Clay Aiken

(Chris Kattan)
75.1%
Justin Guarini

(Maya Rudolph)
74.3%
Mary Roach

(Maya Rudolph)
70.1%
Ashley Ferl

(Kristen Wiig)
67.3%
Constantine Maroulis

(Will Forte)
66.5%
Sanjaya Malakar

(Andy Samberg)
63.1%
Corey Clark

(Finesse Mitchell)
62.2%

You're not logged in!

Compare scores with friends on all Sporcle quizzes.
Join for Free
OR
Log In

You Might Also Like...

Show Comments

Extras

Top Quizzes Today


Score Distribution

Your Account Isn't Verified!

In order to create a playlist on Sporcle, you need to verify the email address you used during registration. Go to your Sporcle Settings to finish the process.

Report this User

Report this user for behavior that violates our Community Guidelines.

Details: